LEADER 01222nam a2200265 i 4500 001 000000186700 003 CaOOAMICUS 005 20100303000000.0 008 100303s1968 fr u000 u fre u 013 $a164754 040 $aSeMil$bita 100 1 $aSimonis, Yvan.$0(OLS)http://semarc/name/68540 245 10$aClaude Lévi-Strauss ou la Passion de l'inceste :$bintroduction au structuralisme /$cYvan Simonis. 260 $aParis :$bAubier-Montaigne,$c1968. 300 $a380 p. ;$c20 cm. 490 0 $aRecherches économiques et sociales ;$v8. 600 14$aLévi-Strauss, Claude.$0(OLS)http://semarc/subject/7224 650 4$aAntropologia culturale.$0(OLS)http://semarc/subject/2863 650 4$aStrutturalismo.$0(OLS)http://semarc/subject/1943 650 4$aIncesto.$0(OLS)http://semarc/subject/11325 830 0$aRecherches économiques et sociales ;$v8.$0(OLS)http://semarc/title/17216 850 $aSeMil 852 $aSeMil$W1$xVenegono$y1$m2X II 251$j137387$B137387$CSeMilBibl$Z2$F148901 $81 996 $6245$aClaude Lévi-Strauss ou la Passion de l'inceste :$bintroduction au structuralisme$9(OLS)http://semarc/title/268471 996 $6260$aParis :$bAubier-Montaigne$9(OLS)http://semarc/publisher/29782 LEADER 01316nam a2200301 i 4500 001 000000079841 003 CaOOAMICUS 005 20170516000000.0 008 170516s1994 it u000 u ita u 013 $a52079 020 $a88-311-4388-3 040 $aSeMil$bita 100 1 $aMorotti, Giuseppe .$0(OLS)http://semarc/name/77849 245 10$aContemplativi nel proprio Nazareth :$bSpello parla ai giovani /$cGiuseppe Morotti ; Postfazione di Gian Carlo Sibilia. 260 $aRoma :$bCittà Nuova,$c1994. 300 $a109 p. ;$c20 cm. 490 0 $aMeditazioni 650 4$aSpello.$0(OLS)http://semarc/subject/6835 650 4$aGiovani - Meditazioni.$0(OLS)http://semarc/subject/18827 650 4$aPiccoli Fratelli del Vangelo.$0(OLS)http://semarc/subject/29625 700 1 $aSibilia, Gian Carlo.$0(OLS)http://semarc/name/46550 830 0$aMeditazioni.$0(OLS)http://semarc/title/6156 850 $aSeMil 852 $aSeMil$W1$xVenegono$y1$m3F IV 106$j45467$B45467$CSeMilBibl$Z2$F47438 $81 961 $aLascito: Coronelli don Renato 996 $6020$a88-311-4388-3$9(OLS)http://semarc/number/270639 996 $6245$aContemplativi nel proprio Nazareth :$bSpello parla ai giovani$9(OLS)http://semarc/title/403679 996 $6260$aRoma :$bCittà Nuova$9(OLS)http://semarc/publisher/29609